LEADER 01437nam a2200289 i 4500 001 000000034340 003 CaOOAMICUS 005 20260603111110.0 008 101019s1989 it u000 u ita u 020 $a88-16-95058-7 040 $aSeMil$bita 100 1 $aGerosa, Libero,$d<1949- >.$0(OLS)http://semarc/name/9892 245 10$aCarisma e diritto nella Chiesa :$briflessioni canonistiche sul «carisma originario» dei nuovi movimenti ecclesiali /$cLibero Gerosa ; prefazione di Hans Urs von Balthasar. 260 $aMilano :$bJaca Book,$c1989. 300 $aXV, 273 p. ;$c23 cm. 490 0 $aEdizioni universitarie Jaca ;$v58 650 4$aCarismi.$0(OLS)http://semarc/subject/5606 650 4$aAssociazioni religiose - Diritto canonico.$0(OLS)http://semarc/subject/60401 700 1 $aBalthasar, Hans Urs : von,$c.$0(OLS)http://semarc/name/881 830 0$aEdizioni universitarie Jaca ;$v58.$0(OLS)http://semarc/title/5907 850 $aSeMil 852 $aSeMil$W1$xVenegono$y1$m2H IV 52$j272826$B495$CSeMilBibl$Z2$F495 $81 961 $aAcquisto: Centro Vendite Curia 996 $6020$a88-16-95058-7$9(OLS)http://semarc/number/2062 996 $6245$aCarisma e diritto nella Chiesa :$briflessioni canonistiche sul «carisma originario» dei nuovi movimenti ecclesiali$9(OLS)http://semarc/title/46405 996 $6260$aMilano :$bJaca Book$9(OLS)http://semarc/publisher/29781